[Event "Frankfurt-chA"]
[Site "Frankfurt"]
[Date "2018.05.28"]
[Round "4"]
[White "Mueller, Pascal"]
[Black "Nagelsdiek, Ralf"]
[Result "1/2-1/2"]
[WhiteElo "1800"]
[BlackElo "1991"]
[PlyCount "59"]
[EventDate "2018.04.30"]
[EventType "swiss"]
[EventRounds "7"]
[EventCountry "GER"]
[SourceTitle "EXT 2019"]
[Source "ChessBase"]
[SourceDate "2018.10.10"]
[SourceVersion "1"]
[SourceVersionDate "2018.10.10"]
[SourceQuality "1"]

1. d3 d5 2. Nf3 g6 3. g3 Bg7 4. Nbd2 d4 5. Bg2 Nc6 6. e4 e6 7. a4 Nge7 8. Nc4 b6 9. 0-0 0-0 10. Nh4 Bb7 11. f4 f5 12. Nf3 Qc8 13. Bd2 a6 14. Qe2 fxe4 15. dxe4 Qd7 16. Rad1 Nd8 17. Bb4 Re8 18. Nce5 Qxa4 19. Bxe7 Rxe7 20. Rxd4 Qe8 21. Rd2 Nf7 22. Nxf7 Rxf7 23. e5 Bh6 24. Rfd1 c5 25. Rd6 b5 26. Nh4 Bf8 27. Bxb7 Rxb7 28. Qe4 Rc7 29. Rxe6 Qxe6 30. Qxa8 1/2-1/2

[Event "GER-chT Lands U20"]
[Site "Dresden"]
[Date "2008.11.18"]
[Round "7.2"]
[White "Wolf, Isaak"]
[Black "Mueller, Pascal"]
[Result "1-0"]
[WhiteElo "1856"]
[BlackElo "1894"]
[PlyCount "69"]
[EventDate "2008.11.14"]
[EventType "team-swiss"]
[EventRounds "7"]
[EventCountry "GER"]
[SourceTitle "EXT 2010"]
[Source "ChessBase"]
[SourceDate "2010.11.25"]
[SourceVersion "1"]
[SourceVersionDate "2010.11.25"]
[SourceQuality "1"]
[WhiteTeam "Thueringen"]
[BlackTeam "Saarland"]
[WhiteTeamCountry "GER"]
[BlackTeamCountry "GER"]

1. e4 e5 2. Nc3 Nf6 3. f4 d5 4. fxe5 Nxe4 5. d3 Qh4+ 6. g3 Nxc3 7. bxc3 Qa4 8. Bg2 Bg4 9. Ne2 c6 10. 0-0 Bc5+ 11. d4 Qa6 12. Bf3 Bxf3 13. Rxf3 Be7 14. Qf1 0-0 15. Qg2 Nd7 16. Nf4 Nb6 17. Qh3 Rfe8 18. Nh5 g6 19. Nf6+ Bxf6 20. Rxf6 Qe2 21. Bf4 Re7 22. Bg5 Rae8 23. Rf2 Qc4 24. Bf6 h5 25. g4 Nd7 26. Bxe7 Rxe7 27. gxh5 Nf8 28. hxg6 Nxg6 29. Qg3 c5 30. h4 cxd4 31. h5 Re6 32. Rf6 Rxf6 33. exf6 Qc5 34. hxg6 d3+ 35. Kg2 1-0

[Event "GER-chT Lands U20"]
[Site "Dresden"]
[Date "2008.11.14"]
[Round "1.2"]
[White "Mueller, Pascal"]
[Black "Hofmann, Annett"]
[Result "0-1"]
[WhiteElo "1894"]
[BlackElo "1960"]
[PlyCount "82"]
[EventDate "2008.11.14"]
[EventType "team-swiss"]
[EventRounds "7"]
[EventCountry "GER"]
[SourceTitle "EXT 2010"]
[Source "ChessBase"]
[SourceDate "2010.11.25"]
[SourceVersion "1"]
[SourceVersionDate "2010.11.25"]
[SourceQuality "1"]
[WhiteTeam "Saarland"]
[BlackTeam "Sachsen Anhalt"]
[WhiteTeamCountry "GER"]
[BlackTeamCountry "GER"]

1. e4 c5 2. Nf3 d6 3. d4 cxd4 4. Nxd4 Nf6 5. Nc3 a6 6. Bc4 b5 7. Bb3 e6 8. Qe2 Bb7 9. a3 Nbd7 10. f3 Be7 11. 0-0 Qc7 12. Be3 Nc5 13. Ba2 0-0 14. Rad1 Rfe8 15. Qf2 Ncd7 16. Qg3 Bf8 17. Rfe1 Ne5 18. Qf2 Nc4 19. Bxc4 Qxc4 20. Nb3 a5 21. Bb6 d5 22. Rd4 Qc6 23. Bxa5 dxe4 24. Nxe4 Nd5 25. Rd2 f5 26. Nc3 Nxc3 27. Bxc3 Bxa3 28. Bxg7 Kxg7 29. Qg3+ Kf7 30. bxa3 Rxa3 31. Red1 Bc8 32. Qh4 Rg8 33. Qxh7+ Rg7 34. Qh5+ Rg6 35. Nd4 Qc5 36. Kh1 Ra2 37. Qh8 Qc3 38. Rd3 Ra1 39. Qh7+ Rg7 40. Qh5+ Rg6 41. f4 Qe1+ 0-1

[Event "Saarland-ch MB"]
[Site "Eppelborn"]
[Date "2008.03.18"]
[Round "5"]
[White "Alt, Hans Juergen"]
[Black "Mueller, Pascal"]
[Result "1-0"]
[WhiteElo "1928"]
[BlackElo "1991"]
[PlyCount "53"]
[EventDate "2008.03.14"]
[EventType "swiss"]
[EventRounds "9"]
[EventCountry "GER"]
[SourceTitle "EXT 2010"]
[Source "ChessBase"]
[SourceDate "2010.11.25"]
[SourceVersion "1"]
[SourceVersionDate "2010.11.25"]
[SourceQuality "1"]

1. d4 Nf6 2. Nf3 d5 3. g3 Nbd7 4. Bg2 e6 5. 0-0 Bd6 6. c4 b6 7. cxd5 exd5 8. Nc3 Bb7 9. Nb5 Be7 10. Bf4 Rc8 11. Nxa7 Ra8 12. Nb5 Rc8 13. Rc1 c5 14. Ne5 0-0 15. Na7 Ra8 16. Nac6 Qe8 17. Nxe7+ Qxe7 18. Nxd7 Nxd7 19. e4 Rxa2 20. exd5 Qf6 21. dxc5 Nxc5 22. b4 Na6 23. d6 Bxg2 24. Kxg2 Nxb4 25. d7 Nc6 26. Qd5 Nb4 27. Qd6 1-0

[Event "Frankfurt-ch"]
[Site "Frankfurt"]
[Date "2007.06.18"]
[Round "7"]
[White "Stricker, Konstantin"]
[Black "Mueller, Pascal"]
[Result "1-0"]
[WhiteElo "1688"]
[BlackElo "2033"]
[PlyCount "65"]
[EventDate "2007.04.30"]
[EventType "swiss"]
[EventRounds "7"]
[EventCountry "GER"]
[SourceTitle "EXT 2008"]
[Source "ChessBase"]
[SourceDate "2007.11.25"]
[SourceVersion "1"]
[SourceVersionDate "2007.11.25"]
[SourceQuality "1"]

1. e4 d5 2. exd5 Nf6 3. Nc3 Nxd5 4. Nxd5 Qxd5 5. Nf3 Bg4 6. Be2 Nc6 7. 0-0 0-0-0 8. c3 e5 9. h3 Bf5 10. b4 e4 11. Nh2 Bd6 12. Re1 Qe5 13. Nf1 h5 14. d4 exd3 15. Bxd3 Qf6 16. Bxf5+ Qxf5 17. Qa4 a6 18. Be3 g5 19. Rad1 h4 20. b5 Qxb5 21. Qxb5 axb5 22. Bxg5 Rdg8 23. Be3 Rg6 24. f3 Ne5 25. Nd2 Nd3 26. Re2 Bf4 27. Bd4 Rhg8 28. Nb3 Ne5 29. Bxe5 Re6 30. Rde1 Rge8 31. Bxf4 Rxe2 32. Rxe2 Rxe2 33. Nd4 1-0

[Event "Frankfurt-ch"]
[Site "Frankfurt"]
[Date "2007.05.07"]
[Round "2"]
[White "Mueller, Pascal"]
[Black "Milov, Leonid"]
[Result "0-1"]
[WhiteElo "2033"]
[BlackElo "2482"]
[PlyCount "98"]
[EventDate "2007.04.30"]
[EventType "swiss"]
[EventRounds "7"]
[EventCountry "GER"]
[SourceTitle "EXT 2008"]
[Source "ChessBase"]
[SourceDate "2007.11.25"]
[SourceVersion "1"]
[SourceVersionDate "2007.11.25"]
[SourceQuality "1"]

1. e4 c5 2. c3 d5 3. exd5 Qxd5 4. d4 Nf6 5. Nf3 Bg4 6. Be2 e6 7. 0-0 Nc6 8. Na3 Be7 9. Nc2 Bh5 10. Ne3 Qd7 11. Ne5 Bxe2 12. Qxe2 Qc7 13. Nxc6 Qxc6 14. Re1 0-0 15. dxc5 Bxc5 16. Ng4 Nxg4 17. Qxg4 Rfd8 18. Bh6 Bf8 19. Red1 f5 20. Qg3 e5 21. Bg5 f4 22. Qg4 Rxd1+ 23. Rxd1 Qg6 24. h3 h6 25. Bd8 Qxg4 26. hxg4 Kf7 27. f3 g5 28. Ba5 b6 29. Bb4 Bxb4 30. cxb4 Ke6 31. Rc1 Rd8 32. Rc7 Rd1+ 33. Kf2 Rd2+ 34. Kg1 Rxb2 35. Rxa7 Rxb4 36. Rh7 Kd5 37. Rxh6 b5 38. Rg6 Ra4 39. Rxg5 Rxa2 40. Rg8 b4 41. Rb8 Kc4 42. Rc8+ Kd3 43. Rd8+ Kc3 44. Rc8+ Kb2 45. Rc5 b3 46. Rxe5 Kc3 47. Rc5+ Kb4 48. Rf5 b2 49. Rxf4+ Kc3 0-1

[Event "Hessen-ch qual-A+B"]
[Site "Erlensee"]
[Date "2007.04.07"]
[Round "7"]
[White "Goeke, Bernd"]
[Black "Mueller, Pascal"]
[Result "1-0"]
[WhiteElo "2097"]
[BlackElo "2019"]
[PlyCount "37"]
[EventDate "2007.04.04"]
[EventType "swiss"]
[EventRounds "7"]
[EventCountry "GER"]
[SourceTitle "CBM 117 Extra"]
[Source "ChessBase"]
[SourceDate "2007.05.09"]
[SourceVersion "1"]
[SourceVersionDate "2007.05.09"]
[SourceQuality "1"]

1. d4 Nf6 2. c4 g6 3. Nc3 Bg7 4. e4 d6 5. Nf3 0-0 6. Be2 e5 7. 0-0 Nc6 8. d5 Ne7 9. b4 Nd7 10. c5 f5 11. Ng5 Nf6 12. f3 Ne8 13. Be3 f4 14. Bf2 c6 15. Bc4 cxd5 16. Bxd5+ Nxd5 17. Qxd5+ Kh8 18. Nf7+ Rxf7 19. Qxf7 1-0

[Event "Hessen-ch qual-A+B"]
[Site "Erlensee"]
[Date "2007.04.06"]
[Round "4"]
[White "Mueller, Pascal"]
[Black "Taeger, Torsten"]
[Result "1/2-1/2"]
[WhiteElo "2019"]
[BlackElo "2147"]
[PlyCount "69"]
[EventDate "2007.04.04"]
[EventType "swiss"]
[EventRounds "7"]
[EventCountry "GER"]
[SourceTitle "CBM 117 Extra"]
[Source "ChessBase"]
[SourceDate "2007.05.09"]
[SourceVersion "1"]
[SourceVersionDate "2007.05.09"]
[SourceQuality "1"]

1. e4 d6 2. d4 Nf6 3. Nc3 g6 4. Nge2 Bg7 5. g3 0-0 6. Bg2 e5 7. Be3 Nc6 8. h3 Re8 9. 0-0 Bd7 10. Qd2 a6 11. f4 exd4 12. Nxd4 Nxd4 13. Bxd4 c5 14. Bf2 Bc6 15. Rfe1 Qc7 16. Rad1 Rad8 17. g4 h6 18. f5 g5 19. Bg3 Bf8 20. h4 Nh7 21. Qf2 Qb6 22. b3 Bg7 23. Qf3 Bd4+ 24. Kh1 f6 25. Nd5 Bxd5 26. exd5 Be5 27. Bxe5 Rxe5 28. Rxe5 fxe5 29. Qh3 Qc7 30. hxg5 hxg5 31. Qh6 Qg7 32. Qe6+ Qf7 33. Rd3 Nf6 34. Rh3 Kg7 35. Rh6 1/2-1/2

[Event "Hessen-ch qual-A+B"]
[Site "Erlensee"]
[Date "2007.04.06"]
[Round "5"]
[White "Schwartz, Gerhard"]
[Black "Mueller, Pascal"]
[Result "1/2-1/2"]
[WhiteElo "2076"]
[BlackElo "2019"]
[PlyCount "32"]
[EventDate "2007.04.04"]
[EventType "swiss"]
[EventRounds "7"]
[EventCountry "GER"]
[SourceTitle "CBM 117 Extra"]
[Source "ChessBase"]
[SourceDate "2007.05.09"]
[SourceVersion "1"]
[SourceVersionDate "2007.05.09"]
[SourceQuality "1"]

1. d4 Nf6 2. Nf3 g6 3. c4 Bg7 4. Nc3 0-0 5. e4 d6 6. Be2 e5 7. 0-0 Nc6 8. Be3 Ng4 9. Bg5 f6 10. Bc1 f5 11. Bg5 Bf6 12. Bxf6 Nxf6 13. dxe5 dxe5 14. exf5 gxf5 15. Qxd8 Rxd8 16. Nd5 Ne8 1/2-1/2

[Event "Rhein Main op 09th"]
[Site "Bad Homburg"]
[Date "2006.06.15"]
[Round "2.12"]
[White "Brustkern, Juergen"]
[Black "Mueller, Pascal"]
[Result "1-0"]
[WhiteElo "2242"]
[BlackElo "1999"]
[PlyCount "27"]
[EventDate "2006.06.14"]
[EventType "swiss"]
[EventRounds "7"]
[EventCountry "GER"]
[SourceTitle "EXT 2007"]
[Source "ChessBase"]
[SourceDate "2006.11.23"]
[SourceVersion "1"]
[SourceVersionDate "2006.11.23"]
[SourceQuality "1"]

1. e4 d5 2. exd5 Nf6 3. d4 Bg4 4. Be2 Bxe2 5. Qxe2 Qxd5 6. Nf3 Nc6 7. c4 Qf5 8. 0-0 0-0-0 9. d5 Nb4 10. Nc3 g5 11. Bxg5 Rg8 12. Bh4 Nd3 13. Bg3 e5 14. Nh4 1-0

[Event "Frankfurt-ch"]
[Site "Frankfurt"]
[Date "2006.06.12"]
[Round "7"]
[White "Mueller, Pascal"]
[Black "Hupprich, Thorsten"]
[Result "1/2-1/2"]
[WhiteElo "1785"]
[BlackElo "2003"]
[PlyCount "55"]
[EventDate "2006.04.24"]
[EventType "swiss"]
[EventRounds "7"]
[EventCountry "GER"]
[SourceTitle "EXT 2007"]
[Source "ChessBase"]
[SourceDate "2006.11.23"]
[SourceVersion "1"]
[SourceVersionDate "2006.11.23"]
[SourceQuality "1"]

1. e4 e5 2. Nf3 Nc6 3. Bb5 a6 4. Ba4 Nf6 5. 0-0 Be7 6. Re1 b5 7. Bb3 0-0 8. c3 d5 9. exd5 Nxd5 10. Nxe5 Nxe5 11. Rxe5 c6 12. d4 Bd6 13. Re1 Qh4 14. g3 Qh3 15. Be3 Be6 16. Qf3 Rae8 17. Nd2 f5 18. Qg2 Qh5 19. f4 Nxe3 20. Rxe3 Bxb3 21. Rxe8 Rxe8 22. Nxb3 Re2 23. Qh1 Qe8 24. Qf3 Re3 25. Qf2 Qe4 26. Nd2 Qe6 27. Nf3 Qe4 28. Ng5 1/2-1/2

[Event "Frankfurt-ch"]
[Site "Frankfurt"]
[Date "2006.05.02"]
[Round "2"]
[White "Adair, Monte"]
[Black "Mueller, Pascal"]
[Result "0-1"]
[WhiteElo "1384"]
[BlackElo "1785"]
[PlyCount "78"]
[EventDate "2006.04.24"]
[EventType "swiss"]
[EventRounds "7"]
[EventCountry "GER"]
[SourceTitle "EXT 2007"]
[Source "ChessBase"]
[SourceDate "2006.11.23"]
[SourceVersion "1"]
[SourceVersionDate "2006.11.23"]
[SourceQuality "1"]

1. e4 g6 2. d4 Bg7 3. Nf3 d6 4. Bc4 Nf6 5. Nbd2 Nbd7 6. c3 0-0 7. 0-0 e5 8. Re1 c6 9. Bb3 b5 10. Nf1 a5 11. a4 Qc7 12. Bc2 Rd8 13. Bg5 h6 14. Be3 Bb7 15. Ng3 Ng4 16. Bd2 Nb6 17. Qc1 Nc4 18. Qd1 Nxb2 19. Qc1 Nc4 20. h3 Nxd2 21. Qxd2 Nf6 22. Reb1 Ba6 23. Qd1 Ne8 24. Bd3 bxa4 25. Bxa6 Rxa6 26. Qxa4 Rb8 27. Qc4 Rab6 28. Qd3 Qb7 29. Rxb6 Qxb6 30. Ne2 Nc7 31. Nd2 exd4 32. Nc4 Qb3 33. Nxa5 Qb2 34. Rd1 dxc3 35. Nxc6 Ra8 36. Ncd4 Ra2 37. Qxc3 Bxd4 38. Qxd4 Qxe2 39. Rf1 Rd2 0-1

[Event "Karl Mala Memorial op 09th"]
[Site "Frankfurt"]
[Date "2005.07.28"]
[Round "1"]
[White "Mueller, Pascal"]
[Black "Stolz, Stephan"]
[Result "0-1"]
[WhiteElo "1672"]
[BlackElo "2133"]
[PlyCount "48"]
[EventDate "2005.07.28"]
[EventType "swiss"]
[EventRounds "7"]
[EventCountry "GER"]
[SourceTitle "EXT 2006"]
[Source "ChessBase"]
[SourceDate "2005.11.24"]
[SourceVersion "1"]
[SourceVersionDate "2005.11.24"]
[SourceQuality "1"]

1. e4 d6 2. d4 Nf6 3. Bd3 g6 4. c3 Bg7 5. Nf3 Bg4 6. h3 Bxf3 7. Qxf3 c6 8. a4 a5 9. Be3 0-0 10. 0-0 Qc7 11. Nd2 Nbd7 12. Qe2 e5 13. f4 Rae8 14. dxe5 dxe5 15. f5 Nh5 16. Qf2 Nf4 17. Bxf4 exf4 18. Qxf4 Qxf4 19. Rxf4 Bh6 20. Raf1 Bxf4 21. Rxf4 Ne5 22. Be2 Rd8 23. Nb3 b6 24. Kf2 g5 0-1

[Event "Rhein Main op 08th"]
[Site "Bad Homburg"]
[Date "2005.05.28"]
[Round "6"]
[White "Willems, Matthias"]
[Black "Mueller, Pascal"]
[Result "0-1"]
[WhiteElo "2069"]
[BlackElo "1602"]
[PlyCount "46"]
[EventDate "2005.05.25"]
[EventType "swiss"]
[EventRounds "7"]
[EventCountry "GER"]
[SourceTitle "EXT 2006"]
[Source "ChessBase"]
[SourceDate "2005.11.24"]
[SourceVersion "1"]
[SourceVersionDate "2005.11.24"]
[SourceQuality "1"]

1. d4 d5 2. Nf3 Bg4 3. Ne5 Bh5 4. Qd3 Nd7 5. Qb5 Qc8 6. Qxd5 Ngf6 7. Qb3 Nxe5 8. dxe5 Ng4 9. h3 Nh6 10. Bxh6 gxh6 11. e6 Bg7 12. c3 c6 13. exf7+ Bxf7 14. Qb4 Qc7 15. e3 a5 16. Qg4 Rg8 17. Qe2 0-0-0 18. Nd2 Qb6 19. Nf3 Rd6 20. Nd2 Qxb2 21. Rb1 Qc2 22. Qd1 Rxd2 23. Qxc2 Rxc2 0-1

[Event "Rhein Main op 08th"]
[Site "Bad Homburg"]
[Date "2005.05.26"]
[Round "3"]
[White "Mueller, Pascal"]
[Black "Seifert, Norbert"]
[Result "1/2-1/2"]
[WhiteElo "1602"]
[BlackElo "1933"]
[PlyCount "45"]
[EventDate "2005.05.25"]
[EventType "swiss"]
[EventRounds "7"]
[EventCountry "GER"]
[SourceTitle "EXT 2006"]
[Source "ChessBase"]
[SourceDate "2005.11.24"]
[SourceVersion "1"]
[SourceVersionDate "2005.11.24"]
[SourceQuality "1"]

1. e4 c5 2. c3 Nc6 3. Nf3 e6 4. d4 d5 5. e5 cxd4 6. cxd4 Bb4+ 7. Nc3 Nge7 8. Bd3 Qb6 9. 0-0 Bd7 10. Na4 Qc7 11. a3 Ba5 12. b4 Bb6 13. Be3 Nf5 14. Rc1 Qd8 15. Nc5 Nxe3 16. fxe3 Bxc5 17. bxc5 h6 18. Qe1 Qa5 19. Qg3 Qxa3 20. Qxg7 0-0-0 21. Rfd1 Nb4 22. Ra1 Qb3 23. Rab1 1/2-1/2

[Event "GER-ch U18"]
[Site "Willingen"]
[Date "2005.05.16"]
[Round "4"]
[White "Mueller, Pascal"]
[Black "Grimberg, Boris"]
[Result "0-1"]
[WhiteElo "1813"]
[BlackElo "2066"]
[PlyCount "120"]
[EventDate "2005.05.14"]
[EventType "swiss"]
[EventRounds "9"]
[EventCountry "GER"]
[SourceTitle "CBM 106 Extra"]
[Source "ChessBase"]
[SourceDate "2005.07.01"]
[SourceVersion "1"]
[SourceVersionDate "2005.07.01"]
[SourceQuality "1"]

1. e4 Nf6 2. Nc3 d5 3. exd5 Nxd5 4. Bc4 Nb6 5. Bb3 Nc6 6. Nf3 Bf5 7. d3 e6 8. Be3 Na5 9. Nd4 Nxb3 10. axb3 Bg6 11. 0-0 Be7 12. Qf3 c6 13. Nde2 0-0 14. Nf4 a6 15. Nxg6 hxg6 16. d4 Nd5 17. Nxd5 cxd5 18. Bd2 Rc8 19. Bc3 Rc6 20. Rfe1 Qb6 21. Rad1 Rfc8 22. Rd3 Qc7 23. Ra1 Qd7 24. Qe3 b5 25. b4 Qb7 26. Qe1 Rc4 27. Re3 Bf6 28. Rd3 Bd8 29. b3 R4c6 30. Ra2 R8c7 31. Bd2 Rxc2 32. Rxc2 Rxc2 33. Rc3 Rxc3 34. Bxc3 Qc6 35. Qe3 f6 36. Kf1 Kf7 37. Ke2 Bb6 38. Qf3 Qd6 39. h3 Ke7 40. Qg4 Qc6 41. Kd3 Qe8 42. f4 Kf7 43. Qe2 Qh8 44. Qa2 Qh4 45. Qxa6 Qg3+ 46. Kc2 Qxg2+ 47. Bd2 Qe4+ 48. Kc1 Qxd4 49. Qxb5 e5 50. Qd7+ Kg8 51. Qe8+ Kh7 52. f5 Qg1+ 53. Kc2 Qg2 54. Kc1 Qf1+ 55. Kb2 Qxf5 56. Qc6 Bd4+ 57. Bc3 Bxc3+ 58. Qxc3 d4 59. Qc2 d3 60. Qd2 e4 0-1

[Event "GER-ch U18"]
[Site "Willingen"]
[Date "2005.05.14"]
[Round "1"]
[White "Mueller, Pascal"]
[Black "Mijatovic, Vladimir"]
[Result "1/2-1/2"]
[WhiteElo "1813"]
[BlackElo "2181"]
[PlyCount "63"]
[EventDate "2005.05.14"]
[EventType "swiss"]
[EventRounds "9"]
[EventCountry "GER"]
[SourceTitle "CBM 106 Extra"]
[Source "ChessBase"]
[SourceDate "2005.07.01"]
[SourceVersion "1"]
[SourceVersionDate "2005.07.01"]
[SourceQuality "1"]

1. e4 c5 2. c3 Nf6 3. e5 Nd5 4. d4 cxd4 5. Nf3 e6 6. cxd4 b6 7. Bc4 Bb7 8. 0-0 Be7 9. Qe2 0-0 10. Nc3 Nxc3 11. bxc3 d6 12. Bf4 Nc6 13. Ba6 Bxa6 14. Qxa6 Qc7 15. exd6 Bxd6 16. Bxd6 Qxd6 17. Rfd1 Rfd8 18. Qe2 Rac8 19. Rac1 Rc7 20. Nd2 Na5 21. c4 Qb4 22. d5 exd5 23. cxd5 Rxc1 24. Rxc1 Qd4 25. Rc7 Qxd5 26. Qe7 Rf8 27. Rd7 Qh5 28. h3 Nc6 29. Qd6 Qb5 30. Rc7 Na5 31. Rxa7 h6 32. Rd7 1/2-1/2

[Event "Frankfurt-ch"]
[Site "Frankfurt"]
[Date "2005.05.09"]
[Round "3"]
[White "Mueller, Pascal"]
[Black "Adair, Monte"]
[Result "1-0"]
[WhiteElo "1617"]
[BlackElo "1424"]
[PlyCount "75"]
[EventDate "2005.04.25"]
[EventType "swiss"]
[EventRounds "7"]
[EventCountry "GER"]
[SourceTitle "EXT 2006"]
[Source "ChessBase"]
[SourceDate "2005.11.24"]
[SourceVersion "1"]
[SourceVersionDate "2005.11.24"]
[SourceQuality "1"]

1. e4 e5 2. Nf3 Nc6 3. Bb5 Be7 4. 0-0 Nf6 5. Re1 d6 6. h3 Bd7 7. c3 0-0 8. d4 exd4 9. cxd4 Re8 10. Bg5 d5 11. e5 Ne4 12. Bxe7 Rxe7 13. Bd3 Bf5 14. a3 Re6 15. Nc3 Qd7 16. Nxe4 dxe4 17. Bxe4 Rg6 18. Bxf5 Qxf5 19. Nh4 Qe6 20. d5 Qe8 21. Nxg6 hxg6 22. dxc6 Qxc6 23. Qb3 Re8 24. Rac1 Qb6 25. Qxb6 cxb6 26. Rc7 Rb8 27. e6 fxe6 28. Rxe6 Kh8 29. Rxg6 Rg8 30. Rxb7 Kh7 31. Rgxg7+ Rxg7 32. Rxg7+ Kxg7 33. f4 Kf6 34. g4 a5 35. Kf2 b5 36. Ke3 b4 37. a4 Ke6 38. Kd4 1-0

[Event "Gernsheim U20 op 3rd"]
[Site "Gernsheim"]
[Date "2005.05.??"]
[Round "5"]
[White "Hahn, Andreas"]
[Black "Mueller, Pascal"]
[Result "0-1"]
[WhiteElo "1486"]
[BlackElo "1602"]
[PlyCount "30"]
[EventDate "2005.05.??"]
[EventType "swiss"]
[EventRounds "7"]
[EventCountry "GER"]
[SourceTitle "EXT 2007"]
[Source "ChessBase"]
[SourceDate "2006.11.23"]
[SourceVersion "1"]
[SourceVersionDate "2006.11.23"]
[SourceQuality "1"]

1. e4 c5 2. Nf3 Nc6 3. d4 cxd4 4. Nxd4 Nf6 5. Nc3 e5 6. Nf3 Bb4 7. Qd3 d5 8. Bd2 d4 9. Ne2 Qb6 10. c3 dxc3 11. Nxc3 0-0 12. 0-0-0 Be6 13. Ng5 Bxc3 14. bxc3 Bxa2 15. Be3 Qb3 0-1

[Event "Saarland-ch MV2"]
[Site "Saarlouis Steinrausch"]
[Date "2005.03.21"]
[Round "4"]
[White "Mueller, Pascal"]
[Black "Von Brochowski, Christoph"]
[Result "1/2-1/2"]
[WhiteElo "1812"]
[BlackElo "1842"]
[PlyCount "99"]
[EventDate "2005.03.18"]
[EventType "tourn"]
[EventRounds "9"]
[EventCountry "GER"]
[SourceTitle "EXT 2012"]
[Source "ChessBase"]
[SourceDate "2011.11.24"]
[SourceVersion "1"]
[SourceVersionDate "2011.11.24"]
[SourceQuality "1"]

1. e4 c5 2. c3 d5 3. exd5 Qxd5 4. d4 e6 5. Nf3 Nf6 6. Bd3 Nc6 7. 0-0 cxd4 8. cxd4 Be7 9. Nc3 Qd8 10. Be3 0-0 11. a3 b6 12. Qb3 Bb7 13. Rfd1 Na5 14. Qa2 Bxf3 15. gxf3 Nd5 16. Nxd5 Qxd5 17. Qxd5 exd5 18. b4 Nc4 19. Bxc4 dxc4 20. d5 Bd6 21. Rac1 Rfc8 22. Rd4 b5 23. Bf4 Bxf4 24. Rxf4 Rd8 25. Rd4 Rd6 26. a4 a6 27. Ra1 Rb8 28. axb5 axb5 29. Ra5 Kf8 30. Kf1 Rb7 31. Ke2 Ke7 32. Ke3 Rh6 33. h4 Rh5 34. Re4+ Kd7 35. Kd4 Rf5 36. Ra3 Rc7 37. Rg4 g6 38. Re4 Kd6 39. Ra6+ Kd7 40. Ra3 Kd6 41. Ra6+ Kd7 42. d6 Rc6 43. Re7+ Kxd6 44. Raa7 Rd5+ 45. Kc3 Rd3+ 46. Kc2 Ra6 47. Rad7+ Kc6 48. Rc7+ Kd6 49. Rcd7+ Kc6 50. Rc7+ 1/2-1/2

[Event "Saarland-ch MV2"]
[Site "Saarlouis Steinrausch"]
[Date "2005.03.18"]
[Round "1"]
[White "Trumm, Achim"]
[Black "Mueller, Pascal"]
[Result "1/2-1/2"]
[WhiteElo "1862"]
[BlackElo "1812"]
[PlyCount "60"]
[EventDate "2005.03.18"]
[EventType "tourn"]
[EventRounds "9"]
[EventCountry "GER"]
[SourceTitle "EXT 2012"]
[Source "ChessBase"]
[SourceDate "2011.11.24"]
[SourceVersion "1"]
[SourceVersionDate "2011.11.24"]
[SourceQuality "1"]

1. d4 e6 2. c4 d5 3. Nc3 c6 4. e3 Nf6 5. Nf3 Be7 6. Qc2 Nbd7 7. b3 0-0 8. Bd3 Bd6 9. Bb2 Re8 10. 0-0 e5 11. cxd5 cxd5 12. dxe5 Nxe5 13. Nxe5 Bxe5 14. Nb5 Bxb2 15. Qxb2 a6 16. Nd4 Ng4 17. Nf3 Qf6 18. Qxf6 Nxf6 19. Rac1 Bd7 20. Nd4 Rac8 21. Bf5 g6 22. Bd3 Ng4 23. Rfd1 Ne5 24. Be2 Rxc1 25. Rxc1 Nc6 26. Nxc6 Bxc6 27. Bf3 Kg7 28. g3 Kf6 29. Bg2 Ke6 30. Rd1 f5 1/2-1/2

[Event "GER-chT Lands U20"]
[Site "Bad Sulza"]
[Date "2004.11.18"]
[Round "5.3"]
[White "Roggon, Jacob"]
[Black "Mueller, Pascal"]
[Result "1/2-1/2"]
[WhiteElo "2029"]
[BlackElo "1699"]
[PlyCount "89"]
[EventDate "2004.11.15"]
[EventType "team-swiss"]
[EventRounds "7"]
[EventCountry "GER"]
[SourceTitle "EXT 2006"]
[Source "ChessBase"]
[SourceDate "2005.11.24"]
[SourceVersion "1"]
[SourceVersionDate "2005.11.24"]
[SourceQuality "1"]

1. Nf3 d5 2. d4 Nf6 3. Bf4 e6 4. e3 Nbd7 5. Bd3 c5 6. c3 b6 7. Nbd2 Bb7 8. Qc2 Rc8 9. h3 Be7 10. 0-0 0-0 11. Bh2 h6 12. Rfe1 Nb8 13. Ne5 Nc6 14. f4 Nd7 15. Ndf3 cxd4 16. Nxc6 Bxc6 17. exd4 Bd6 18. Ne5 Nxe5 19. fxe5 Be7 20. Qe2 Qd7 21. Bf4 Qd8 22. Bc2 Bg5 23. Qd3 g6 24. Rf1 h5 25. Qe3 Bxf4 26. Qxf4 Kg7 27. Qg3 Be8 28. Rf6 Rc7 29. Qg5 Qd7 30. Raf1 Rh8 31. h4 Qe7 32. Bd1 b5 33. g4 hxg4 34. Bxg4 a5 35. h5 Rh6 36. R1f2 Rb7 37. Rh2 Rh7 38. hxg6 fxg6 39. Rxh7+ Kxh7 40. Qh4+ Kg7 41. Qh3 Rb6 42. Bxe6 b4 43. cxb4 Rxb4 44. Qa3 Qa7 45. Rf4 1/2-1/2

[Event "GER-chT Lands U20"]
[Site "Bad Sulza"]
[Date "2004.11.16"]
[Round "2.3"]
[White "Friedrich, Paul Robert"]
[Black "Mueller, Pascal"]
[Result "1-0"]
[WhiteElo "1750"]
[BlackElo "1699"]
[PlyCount "95"]
[EventDate "2004.11.15"]
[EventType "team-swiss"]
[EventRounds "7"]
[EventCountry "GER"]
[SourceTitle "EXT 2006"]
[Source "ChessBase"]
[SourceDate "2005.11.24"]
[SourceVersion "1"]
[SourceVersionDate "2005.11.24"]
[SourceQuality "1"]

1. d4 Nf6 2. c4 e6 3. Nc3 d5 4. Nf3 c6 5. e3 Be7 6. Bd3 dxc4 7. Bxc4 b5 8. Bd3 Bb7 9. 0-0 Nbd7 10. a3 0-0 11. e4 Qc7 12. Qc2 b4 13. axb4 e5 14. Bd2 Bd6 15. Ne2 Rfe8 16. dxe5 Bxe5 17. Ng3 a6 18. Nxe5 Nxe5 19. Be2 Ned7 20. Bd3 Ne5 21. Be2 Ned7 22. f3 Qb6+ 23. Kh1 c5 24. bxc5 Qxc5 25. Qxc5 Nxc5 26. Be3 Ncd7 27. Nf5 a5 28. Bd2 a4 29. Rfc1 Nxe4 30. fxe4 Bxe4 31. Nd4 Nb6 32. Bf3 Rad8 33. Bc3 f5 34. Kg1 g6 35. Bxe4 fxe4 36. Ne2 e3 37. Bd4 Rb8 38. Ra3 Nd5 39. Rxa4 Nb4 40. Ra3 Nd5 41. Ra7 Re7 42. Rxe7 Nxe7 43. g4 Nd5 44. Rc5 Rd8 45. Rc4 Rf8 46. Nc3 Nxc3 47. Bxc3 e2 48. Re4 1-0